Developmental sequences and comorbidity of substance use and violence

Guardado en:  
Detalles Bibliográficos
Autores principales: White, Helene (Autor) ; Loeber, Rolf 1942-2017 (Autor) ; Jackson, Kristina M. (Autor)
Tipo de documento: Electrónico Artículo
Lenguaje:Inglés
Publicado: Springer New York 2009
En:Enthalten in: Handbook on Crime and Deviance (2009), Seite 433-468
Acceso en línea: Volltext (lizenzpflichtig)
Verificar disponibilidad: HBZ Gateway

MARC

LEADER 00000caa a22000002c 4500
001 1912512009
003 DE-627
005 20250123055003.0
007 cr uuu---uuuuu
008 241217s2009 xx |||||o 00| ||eng c
024 7 |a 10.1007/978-1-4419-0245-0_21  |2 doi 
035 |a (DE-627)1912512009 
035 |a (DE-599)KXP1912512009 
040 |a DE-627  |b ger  |c DE-627  |e rda 
041 |a eng 
084 |a 2,1  |2 ssgn 
100 1 |a White, Helene  |e VerfasserIn  |4 aut 
245 1 0 |a Developmental sequences and comorbidity of substance use and violence 
264 1 |b Springer New York  |c 2009 
336 |a Text  |b txt  |2 rdacontent 
337 |a Computermedien  |b c  |2 rdamedia 
338 |a Online-Ressource  |b cr  |2 rdacarrier 
700 1 |a Loeber, Rolf  |d 1942-2017  |e VerfasserIn  |0 (DE-588)1024418804  |0 (DE-627)719842913  |0 (DE-576)16933886X  |4 aut 
700 1 |a Jackson, Kristina M.  |e VerfasserIn  |4 aut 
773 0 8 |i Enthalten in  |t Handbook on Crime and Deviance  |g (2009), Seite 433-468 
773 1 8 |g year:2009  |g pages:433-468 
787 0 8 |i Forschungsdaten  |a Loeber, Rolf  |t Pittsburgh Youth Study Oldest Sample (1987 - 2000) (Pittsburgh, Pennsylvania)  |d [Erscheinungsort nicht ermittelbar] : [Verlag nicht ermittelbar], 2016  |w (DE-627)1840043458 
856 4 0 |u https://doi.org/10.1007/978-1-4419-0245-0_21  |x Resolving-System  |z lizenzpflichtig  |3 Volltext  |7 1 
935 |a mkri 
951 |a AR 
ELC |a 1 
LOK |0 000 xxxxxcx a22 zn 4500 
LOK |0 001 4637477506 
LOK |0 003 DE-627 
LOK |0 004 1912512009 
LOK |0 005 20241217044323 
LOK |0 008 241217||||||||||||||||ger||||||| 
LOK |0 035   |a (DE-2619)ICPSR135900 
LOK |0 040   |a DE-2619  |c DE-627  |d DE-2619 
LOK |0 092   |o n 
LOK |0 852   |a DE-2619 
LOK |0 852 1  |9 00 
LOK |0 935   |a uvkn  |a nacp 
LOK |0 939   |a 17-12-24  |b l01 
ORI |a SA-MARC-krimdoka001.raw